Fictional Characters by Country #2 - Statistics

General Stats
  • This quiz has been taken 31,213 times
  • The average score is 10 of 21
Answer Stats
Character Country % Correct
Super Mario Italy
94%
Sherlock Holmes United Kingdom
94%
Crocodile Dundee Australia
90%
Achilles Greece
90%
Bart Simpson United States
90%
Hansel and Gretel Germany
89%
Inspector Clouseau France
78%
Fyodor Karamazov Russia
74%
Heidi Switzerland
59%
Pippi Longstocking Sweden
40%
Dudley Do-Right Canada
39%
Brüno Austria
36%
Paddington Bear Peru
35%
Molly Malone Ireland
32%
Tony Montana Cuba
25%
Sinbad the Sailor Iraq
15%
Keyser Söze Turkey
13%
Aladdin China
12%
Hermes Conrad Jamaica
12%
Bender Mexico
12%
Zwarte Piet Spain
7%
No matching quizzes found
Score Distribution
Percent of People with Each Score
Percentile by Number Answered
Your Score History
You have not taken this quiz